Сборник научно-методических статей по технологии металлов и других конструкционных материалов и материаловедению

Chi tiết về thư mục
Tác giả của công ty: СССР Министерство высшего и среднего специального образования
Ngôn ngữ:Tiếng Nga
Được phát hành: Москва, Высшая школа, 1973-1990
Định dạng: MixedMaterials Sách
KOHA link:https://koha.lib.tpu.ru/cgi-bin/koha/opac-detail.pl?biblionumber=145004

MARC

LEADER 00000nam1a2200000 4500
001 145004
005 20231101221129.0
035 |a (RuTPU)RU\TPU\book\157159 
090 |a 145004 
100 |a 20081010d1973 k y0rusy50 ca 
101 0 |a rus 
102 |a RU 
200 1 |a Сборник научно-методических статей по технологии металлов и других конструкционных материалов и материаловедению  |f СССР, Министерство высшего и среднего специального образования 
210 |a Москва  |c Высшая школа  |d 1973-1990 
512 1 |a Сборник научно-методических статей по технологии конструкционных материалов и материаловедению 
712 0 1 |a СССР  |b Министерство высшего и среднего специального образования  |c (1959-1988)  |2 stltpush  |3 (RuTPU)RU\TPU\col\13746  |9 25769 
801 1 |a RU  |b 63413507  |c 20081010  |g PSBO 
801 2 |a RU  |b 63413507  |c 20170425  |g PSBO 
942 |c BK